| 000 | 00366nam a22001457a 4500 | ||
|---|---|---|---|
| 003 | MACL | ||
| 005 | 20190615164242.0 | ||
| 008 | 190615b xxu||||| |||| 00| 0 eng d | ||
| 040 | _cMACL | ||
| 100 |
_aRajan,Radha _918557 |
||
| 245 | _aJammu & Kashmir Dilemma of Accession | ||
| 260 |
_aNew Delhi _bVoice of India _c2017 |
||
| 650 |
_aHistory _975332 |
||
| 942 |
_2ddc _cBK |
||
| 999 |
_c60115 _d60115 |
||